100 suosituinta miesten nimeä alkukirjaimella I - Statistics

Yleistilastot
  • Tätä visaa on pelattu 273 kertaa
  • Keskiarvotulos 34 / 100
Vastaustilastot
% Oikein
Iiro
92%
Iro
92%
Ilmar
91%
Ismo
89%
Ilkka
88%
Iivo
86%
Ilmari
86%
Into
86%
Ivo
86%
Iivar
85%
Ivar
85%
Ilpo
84%
Iivari
80%
Iisak
78%
Isaac
78%
Isac
78%
Isak
78%
Ishak
78%
Ilari
77%
Iisakki
76%
Iikka
74%
Ilmo
73%
Isto
69%
Isa
59%
Isko
57%
Immo
55%
Imanuel
52%
Immanuel
52%
Ilia
51%
Ilja
51%
Ilya
51%
Ivan
50%
Igor
49%
Ilppo
49%
Ismael
49%
Ismail
49%
Ilo
48%
Israel
33%
Ibraahim
31%
Ibrahim
31%
Ibrahima
31%
Ingemar
31%
Ingmar
31%
Ian
27%
Inge
27%
Ilkanpoika
25%
Ilias
24%
Iljas
24%
Ilyaas
24%
Ilyas
24%
Inari
24%
Islam
22%
Iska
21%
Issa
20%
Isse
20%
Iippo
19%
Ingvar
18%
Ingo
16%
Iko
14%
Iman
14%
Idiris
13%
Idris
13%
Iipo
13%
Ilves
13%
Imre
11%
Iisai
10%
Ivanov
10%
Ingvald
9%
Innocent
9%
Ilan
8%
Ilhan
8%
Iouri
8%
István
8%
Iurii
8%
Isaiah
7%
Iisko
6%
Imad
6%
Ioan
6%
Ion
6%
Isam
4%
Ingolf
3%
Iise
2%
Ilai
2%
Ilian
2%
Ioannis
2%
Isidor
2%
Ismet
2%
Ignacio
1%
Ikenna
1%
Indigo
1%
Indrek
1%
Irfan
1%
Ihab
0%
Ihsan
0%
Ilir
0%
Imraan
0%
Imran
0%
Iqbal
0%
Ismari
0%
Iyad
0%
Ehtoja vastaavia visoja ei löytynyt
Tulosjakauma
Jokaisen tuloksen saaneiden osuus
Persentiili vastausten määrän mukaan
Tuloshistoriasi
Et ole pelannut tätä visaa